000 01102nam a2200229Ii 4500
003 JO-AjNU
008 230605s9999||||xx |||||||||||||| ||und||
017 _a2010/5/1664
020 _a9957-16-149-1
040 _aJO-AjNU
_bara
_erda
_cJO-AjNU
041 _aara
050 1 4 _aK5216.Z83.2011
100 3 _aالمقدم، مخلد إبراهيم الزعبي,
_eauthor
_931370
245 0 0 _aجريمة استثمار الوظيفة " دراسة مقارنة "
250 _aط1
264 3 1 _aعمان : دار الثقافة ، 2011
300 _a254ص
_bيشتمل على مراجع ببلوغرافية ص ( 245 - 254 )
336 _atext
_btxt
_2rdacontent
337 _aunmediated
_bn
_2rdamedia
338 _avolume
_bnc
_2rdacarrier
650 4 _aاستغلال السلطة -- جرائم الرشوة -- قانون الجنائي -- جرائم الاموال -- قوانين وتشريعات -- الجرائم الاقتصادية -- قوانين وتشريعات -- الفساد الإداري -- الموظفون المستخدمون -- قوانين وانظمة -- الاردن
_931371
999 _aA12541
_c16109
_d16109